El proceso de anulacin̤ comunitario Control Jurisdiccional de la legalidad de las actuaciones de las instituciones comunitarias /

Bibliographic Details
Main Author: Vidal Fernǹdez, Begoą
Format: Unknown
Language:Spanish
Published: [Barcelona] : Cedecs, 1999
Subjects:
Online Access:Acceso restringido

MARC

LEADER 00000ny a22000003n 4500
005 20110621112112.0
008 080611s1999 sp s 000 0 spa c
020 |a 8495027305 
035 |a 325 
040 |a UMA.RE  |d vlex 
080 |a 347.959(4-672UE)(0.034) 
090 |c 1315  |d 1315 
100 1 |a Vidal Fernǹdez, Begoą 
245 1 3 |a El proceso de anulacin̤ comunitario  |h [Recurso electrn̤ico]  |b Control Jurisdiccional de la legalidad de las actuaciones de las instituciones comunitarias /  |c Begoą Vidal Fernǹdez 
256 |a Servicio en ln̕ea 
260 |a [Barcelona] :  |b Cedecs,  |c 1999 
506 1 |a Contenido solo disponible en los productos indicados  |d vLex Global  |d vLex Global (Academic Edition, excluding Law Schools)  |d vLex Global (U.S. Academic Edition, Law Schools)  |d vLex Global (U.S. Academic Edition, excluding Law Schools)  |d vLex Global (Academic Edition, Law Schools) 
650 0 7 |a Comunitario  |2 Tesauro vLex 
650 0 7 |a Procesal  |2 Tesauro vLex 
650 0 7 |a Recursos  |2 Tesauro vLex 
740 0 |a vLex Libros (Servicios en ln̕ea) 
856 4 0 |u http://vlex.com/source/325  |z Acceso restringido 
942 |c BOOK